Каталог Постоянной выставки образцов заводских, фабричных и ремесленных изделий в г. Варшаве ... ... Декабрь 1894 (Запись № 13477808)

Подробности
000 -МАРКЕР
контрольное поле 01560nam2a2200253 4500
001 - ИДЕНТИФИКАТОР ЗАПИСИ
контрольное поле v19\rc\1259898
005 - ИДЕНТИФИКАТОР ВЕРСИИ
контрольное поле 20251211153020.0
035 ## - ДРУГИЕ СИСТЕМНЫЕ НОМЕРА
Идентификатор записи (NLR Aleph) 004414438
100 ## - ДАННЫЕ ОБЩЕЙ ОБРАБОТКИ
Данные общей обработки 20060306d1894 u y0rusy50 ca
101 0# - ЯЗЫК РЕСУРСА
Язык текста, звукозаписи и т.д. русский
-- польский
102 ## - СТРАНА ПУБЛИКАЦИИ ИЛИ ПРОИЗВОДСТВА
Страна публикации Российская Федерация
105 ## - ПОЛЕ КОДИРОВАННЫХ ДАННЫХ: ТЕКСТОВЫЕ МАТЕРИАЛЫ, МОНОГРАФИЧЕСКИЕ
Кодированные данные о монографическом текстовом документе y b |||||
200 0# - ЗАГЛАВИЕ И СВЕДЕНИЯ ОБ ОТВЕТСТВЕННОСТИ
Основное заглавие ... Декабрь 1894
210 ## - ПУБЛИКАЦИЯ, РАСПРОСТРАНЕНИЕ И ДР.
Дата издания, распространения и т.д. ценз. 1894
215 ## - ФИЗИЧЕСКАЯ ХАРАКТЕРИСТИКА
Специфическое обозначение материала и объем 32 с.
300 ## - ОБЩИЕ ПРИМЕЧАНИЯ
Текст примечания Текст парал. на рус. и польск. яз.
461 #0 - УРОВЕНЬ НАБОРА
Встроенное поле 001RU\NLR\BIBL_A\022685922
-- 2001#$aКаталог Постоянной выставки образцов заводских, фабричных и ремесленных изделий в г. Варшаве ...$fВаршавск. отд-ние ... О-ва для поощрения русской промышленности и торговли$v... Декабрь 1894
Системный номер (АБИС) связанной записи 13503593
Автор Постоянная выставка образцов и моделей заводских и ремесленных изделий (Варшава)
Место публикации Варшава
Дата публикации 1894–1896
Первые сведения об ответственности Варшавск. отд-ние ... О-ва для поощрения русской промышленности и торговли
Заглавие Каталог Постоянной выставки образцов заводских, фабричных и ремесленных изделий в г. Варшаве ...
Номер тома ... Декабрь 1894
801 #0 - ИСТОЧНИК ЗАПИСИ
Страна Российская Федерация
Организация NLR
Правила каталогизации psbo
801 #1 - ИСТОЧНИК ЗАПИСИ
Страна Российская Федерация
Организация ProSoft-M
Источник данных rusmarc
852 ## - МЕСТОНАХОЖДЕНИЕ И ШИФР ХРАНЕНИЯ
Идентификатор организации NLR
Шифр хранения (Call Number) 18.300.7.18(1894)
942 ## - ДОПОЛНИТЕЛЬНЫЕ ЭЛЕМЕНТЫ ЗАПИСИ (АБИС)
Тип экземпляра АБИС Книга
980 ## - КОЛЛЕКЦИЯ
Название коллекции Национальная библиография

Нет доступных экземпляров.